Loading...
| Religion | 0 | 5 | 0 | 2 | 50 | 93 | 105.80 | 0 | 1 | 4.13 | 18.18 |
| History - Other | 0 | 4 | 0 | 0 | 40 | 74 | 92.00 | 0 | 0 | 5.24 | 17.17 |
| Social Science | 0 | 3 | 0 | 0 | 30 | 40 | 58.33 | 0 | 2 | 17.01 | 25.00 |
| Fine Arts - Classical Music | 0 | 3 | 0 | 1 | 30 | 67 | 93.67 | 1 | 1 | 5.62 | 14.14 |
| Literature - British | 0 | 3 | 0 | 0 | 30 | 32 | 57.00 | 0 | 1 | 14.26 | 18.18 |
| Science - Biology | 0 | 3 | 0 | 0 | 30 | 42 | 53.00 | 1 | 2 | 13.50 | 19.19 |
| Fine Arts - Other | 0 | 2 | 0 | 0 | 20 | 86 | 88.00 | 0 | 1 | 4.54 | 12.12 |
| Literature - European | 0 | 1 | 0 | 0 | 10 | 85 | 85.00 | 0 | 1 | 2.65 | 4.04 |
| Mythology | 0 | 1 | 0 | 0 | 10 | 58 | 58.00 | 0 | 0 | 4.25 | 6.06 |
| Current Events | 0 | 1 | 0 | 0 | 10 | 77 | 77.00 | 0 | 1 | 5.87 | 15.56 |
| History - European | 0 | 1 | 0 | 0 | 10 | 34 | 34.00 | 0 | 1 | 6.17 | 7.07 |
| Fine Arts - Painting and Sculpture | 0 | 1 | 0 | 0 | 10 | 107 | 107.00 | 0 | 0 | 0.85 | 4.04 |
| Science - Chemistry | 0 | 1 | 2 | 0 | 0 | 70 | 70.00 | 0 | 1 | 3.14 | 5.05 |